|
|
|
|
| LEADER |
01129nam a22002892a 4500 |
| 001 |
000360609 |
| 003 |
CZ BrMZK |
| 005 |
20170717093917.0 |
| 008 |
980107s1947 xr f cze d |
| 015 |
|
|
|a cnb000278308
|z cnb000622249
|
| 035 |
|
|
|a (OCoLC)42030802
|
| 035 |
|
|
|a (OCoLC)85427618
|
| 040 |
|
|
|a BOA001
|b cze
|
| 100 |
1 |
|
|a Obrovský, Jakub,
|d 1882-1949
|7 jk01090914
|
| 245 |
1 |
0 |
|a Malá řeka /
|c Jakub Obrovský
|
| 250 |
|
|
|a 1. vyd.
|
| 260 |
|
|
|a Praha :
|b A. Hynek,
|c 1947
|
| 300 |
|
|
|a 383+(2) s.
|
| 490 |
1 |
|
|a Ilustrovaný český román ;
|v sv. 2
|
| 500 |
|
|
|a Dostupné též v digitální podobě v aplikaci Kramerius
|
| 830 |
|
0 |
|a Ilustrovaný český román
|
| 856 |
4 |
1 |
|u http://www.digitalniknihovna.cz/mzk/uuid/uuid:008bd9b0-6af0-11e7-b92d-005056827e51
|y Digitalizovaný dokument
|x NDK
|
| 910 |
|
|
|a BOA001
|b PK-0005.630
|b 2-0189.709,2
|
| 964 |
|
|
|a Obrovský, Jakub - vzpomínky vlastní
|
| 990 |
|
|
|a BK
|
| 996 |
7 |
|
|b 2619937545
|c 2-0189.709,2
|l MZK
|r Sklad / do 24 hodin
|n 12
|w 000360609
|u 000020
|a 1
|e BOA001
|j MZK50
|s A
|
| 996 |
7 |
|
|b 3119809196
|c PK-0005.630
|l MZK
|r Sklad / do 1 hodiny
|n 24
|w 000360609
|u 000010
|a 1
|e BOA001
|j MZK50
|s A
|